| 000 | 00676nam a2200265Ia 4500 | ||
|---|---|---|---|
| 005 | 20250425162121.0 | ||
| 008 | 250425s9999 xx 000 0 und d | ||
| 020 | _a847794005X | ||
| 041 | _aspa | ||
| 082 | _a631 | ||
| 100 | _aAA, S | ||
| 245 | 0 | _aBIBLIOTECA PRACTICA AGRICOLA Y GANADERA: PRACTICA DE LOS CULTIVOS VOL. 2 | |
| 250 | _a1A ED. | ||
| 260 | _aBARCELONA | ||
| 260 |
_aEspaƱa _bGRUPO EDITORIAL OCEANO _c1950 |
||
| 300 | _a222 | ||
| 500 | _aEN CIBGZ-FIMC D-30534 PARA ING. AGROP. | ||
| 650 | _aCEREALES | ||
| 650 | _aCULTIVOS HERBACEOS | ||
| 650 | _aOLEAGINOSAS-CULTIVO | ||
| 650 | _aSOYA | ||
| 710 | _aOCEANO | ||
| 942 | _c01 | ||
| 010 | _a51100 | ||
| 999 |
_c222656 _d222656 |
||